000 00643nam a2200253Ia 4500
005 20260121154023.0
008 008 260114s9999 xx 000 0 eng d
020 _a9781003295778
037 _aEBOOK
040 _aCRL
040 _beng
040 _cCRL
041 _2eng
041 _aeng
084 _qCRL
100 _a Steven Bickmore; Stacy Graber; T. Hunter Strickland
_91002027
245 0 _aHow Young Adult Literature Gets Taught
260 _bTaylor and Francis
260 _c2023
856 _uhttp://www.taylorfrancis.com/books/9781003295778
942 _cEBOOK
999 _c1568848
_d1568848